000 00303nam a2200121Ia 4500
008 190216s9999||||xx |||||||||||||| ||und||
100 _aGurjan Jaisingh
245 0 _aReliability Technology Theory And Application
260 _bI.K.International
300 _a141
650 _aMathematics
942 _cBK
999 _c32130
_d32130